Gemeinden Bezirk Interlaken - Statistiken

Allgemein
  • Dieses Quiz wurde 46 mal gespielt
  • Das Durchschnittsergebnis liegt bei 22 aus 28
Antwortstatistiken
Antwort Hint % Korrekt
Brienz (BE) 3225
100%
Grindelwald 3756
100%
Interlaken 5926
100%
Lauterbrunnen 2270
100%
Unterseen 5745
100%
Beatenberg 1182
89%
Bönigen 2568
89%
Därligen 413
89%
Guttannen 246
89%
Innertkirchen 1069
89%
Iseltwald 413
78%
Leissigen 1193
78%
Matten bei Interlaken 4171
78%
Meiringen 4656
78%
Niederried bei Interlaken 370
78%
Oberried am Brienzersee 474
78%
Saxeten 88
78%
Wilderswil 2697
78%
Brienzwiler 486
67%
Gündlischwand 351
67%
Habkern 622
67%
Hasliberg 1101
67%
Hofstetten bei Brienz 543
67%
Lütschental 222
67%
Ringgenberg (BE) 2549
67%
Schattenhalb 570
56%
Schwanden bei Brienz 649
56%
Gsteigwiler 426
44%
Keine übereinstimmenden Quizze gefunden
Verteilung der Resultate
Anzahl Personen mit jedem Resultat
Perzentil nach korrekt beantworteten Fragen
Ihre Resultats-Entwicklung
Sie haben dieses Quiz noch nicht gespielt